| 000 | nam a22 a 4500 | ||
|---|---|---|---|
| 999 |
_c134480 _d134480 |
||
| 003 | BLK | ||
| 005 | 20211203141333.0 | ||
| 008 | 180409b bul|||||r ||||||| ||bul|| | ||
| 010 | _aKNG00140394000 | ||
| 040 | _aBLK | ||
| 041 |
_aBUL _cBUL |
||
| 080 |
_aБългарска литература _b821.163.2 _x-32 _z821.163.2-32 |
||
| 100 | 1 |
_aВазов, Иван Минчов _eпърви автор _9363396 |
|
| 139 |
_aВазов, Иван Минчов _bВ 15 |
||
| 245 | 1 | 0 |
_aИзбрани разкази _cИван Минчов Вазов; предг. от Петър Николов Динеков. |
| 257 | _aBGR | ||
| 260 |
_bБълг. писател _c1960 _aСофия |
||
| 300 |
_a368 с. _c25 см |
||
| 380 | _aX | ||
| 490 | 1 | _aБиблиотека за ученика | |
| 500 | _a15 100 тир. | ||
| 700 | 1 |
_aДинеков, Петър Николов _eпредг. от _9363799 |
|
| 852 |
_aЦб 16205 _bЦб |
||
| 942 |
_cKNG _n0 _s1 |
||
| 944 |
_aCR _c06.03.2013 _l06.03.2013 - от С1,Р / 06.03.2013 _kЕлица_Владова |
||
| 944 |
_aED _c2021-12-03 _l2021-12-03 |
||